00553 2200205 4500001002100000005001500021035002000036007000300056008004100059020001400100082000800114084001600122100001700138245006200155250001200217260005200229300003000281600001500311856002100326INLIS00000000000651420211013102057 a0010-1021000147ta211013 0  a0216-0901 a615 aR 615 FAI p0 aFaisal Yunus1 aPrinsip Dasar dan Peranan Terapi Inhalasi /cFaisal Yunus aNomor 1 aJakarta :bJurnal Kedokteran dan Farmasi,c1992 a84 hlm :bIlus ;c27.5 cm 4aKedokteran aJurnal Kesehatan